000 00500nam a2200181Ia 4500
005 20250326125156.0
008 250326s9999 xx 000 0 und d
037 _aTextbook
040 _aFMSL
_beng
_cFMSL
041 _aeng
_2eng
084 _aX(T) L1
_qFMSL
100 _aSandford C T
245 0 _aProjects and role playing in teaching economics
_cSandford C T
260 _aLondon
_bLondon, Macmillan
_c1971
300 _a179p
942 _cTB
_hX(T) L1
999 _c1276870
_d1276870